Bestandteile Pflanzenzelle - Statistiken

Allgemein
  • Dieses Quiz wurde 102 mal gespielt
  • Das Durchschnittsergebnis liegt bei 7 aus 15
Antwortstatistiken
Antwort % Korrekt
Nukleus
91%
Zellwand
81%
Zellmembran
71%
Chloroplast
65%
Cytoplasma
62%
Vakuole
59%
Ribosom
54%
Mitochondrium
47%
Endoplasmatisches Reticulum
46%
Dictyosom
45%
Lysosom
26%
Nukleolus
18%
Plasmodesmos
12%
Cytoskelett
10%
Peroxisom
9%
Keine übereinstimmenden Quizze gefunden
Verteilung der Resultate
Anzahl Personen mit jedem Resultat
Perzentil nach korrekt beantworteten Fragen
Ihre Resultats-Entwicklung
Sie haben dieses Quiz noch nicht gespielt